Public finance (Record no. 3780)
[ view plain ]
| 000 -LEADER | |
|---|---|
| fixed length control field | 01350nam a2200157 4500 |
| 020 ## - INTERNATIONAL STANDARD BOOK NUMBER | |
| ISBN | 9788125925309 |
| 050 ## - CALL NUMBER | |
| Classification number | HJ9701 |
| 100 ## - AUTHOR | |
| Personal name | Bhatia, H. L. |
| 245 ## - TITLE | |
| Title | Public finance |
| Statement of responsibility, etc | Bhatia, H. L. |
| 250 ## - EDITION | |
| Edition statement | 26th ed |
| 260 ## - PUBLICATION INFORMATION | |
| Place of publication | New Delhi |
| Name of publisher | Vikas Pub. House PVT Ltd |
| Year of publication | 2008 |
| 300 ## - DESCRIPTION | |
| Number of Pages | xv, 759p.: |
| Other physical details | ill; |
| Dimensions | 21cm |
| 505 ## - FORMATTED CONTENTS NOTE | |
| Table of Content | Part I. Theory of public finance <br/>1. Economics activities and the state <br/>2. Meaning and scope of public finance <br/>3. Principle of maximum social advantage <br/>4. Public revenue - General considerations <br/>5. The division of Tax burden - I<br/>6. The division of tax burden -II<br/>7. Incidence of taxes <br/>8. Classification and choice of taxes <br/>9. Effect of taxation <br/>10. Public dept <br/>11. Public expenditure - General considerations <br/>12. Effects of of public expenditure <br/>13. The public budget<br/>14. Balanced budget and fiscal policy <br/>15. Federal finance<br/>16. Public undertakings <br/>Part II. Indian public finance <br/>17. India federal finance -I<br/>18. Indian federal finance -II<br/>19. Public debt in India<br/>20. Government of India finances <br/>21. The India tax system: certain issues <br/>22. Railway finances <br/>23. Public sector in India <br/>24. State finances <br/>25. Agriculture taxation in India <br/>26. Local finance <br/>27. Comments on recent central budgets (2003-04 to 2007-08)<br/>Appendix |
| 650 ## - SUBJECTS | |
| Topical Term | Public Finance |
| 942 ## - ADDED ENTRY ELEMENTS (KOHA) | |
| Koha item type | Books |
| Withdrawn status | Lost status | Collection code | Home library | Current library | Shelving location | Date acquired | Full call number | Accession Number | Koha item type |
|---|---|---|---|---|---|---|---|---|---|
| Reference | Methodist University Library Main | Methodist University Library Main | General Stacks | 25/06/2008 | HJ9701 | 20357 | Books |